| Tag |
First Indicator |
Second Indicator |
Subfields |
| LEADER |
00000cem a2200000 i 4500 |
| 001 |
in00002784901 |
| 005 |
20151202171857.0 |
| 007 |
aj canzn |
| 008 |
121105s2012 nmua a f 1 eng c |
| 010 |
|
|
|a 2012592737
|
| 019 |
|
|
|a 816234189
|
| 020 |
|
|
|a 9781593512415
|
| 020 |
|
|
|a 1593512414
|
| 034 |
1 |
|
|a a
|b 23750
|d W1081620
|e W1081620
|f N0331338
|g N0331338
|
| 035 |
|
|
|a (OCoLC)ocn815948819
|
| 040 |
|
|
|a UPM
|e rda
|c UPM
|d UPM
|d DLC
|d GPO
|d OCLCO
|d GPO
|d MvI
|d UtOrBLW
|
| 042 |
|
|
|a pcc
|
| 043 |
|
|
|a n-us-nm
|
| 049 |
|
|
|a UDOC
|
| 052 |
|
|
|a 4322
|b G52
|b G48
|b G5
|
| 074 |
|
|
|a 0080-G
|
| 086 |
0 |
|
|a A 13.28:G 37/7
|
| 110 |
1 |
|
|a United States.
|b Forest Service,
|e cartographer.
|
| 245 |
1 |
0 |
|a Day hikes & rides near the Gila Visitor Center, Gila National Forest, Wilderness Ranger District :
|b New Mexico : 2012 /
|c Forest Service, United States Department of Agriculture.
|
| 246 |
3 |
|
|a Day hikes and rides near the Gila Visitor Center, Gila National Forest, Wilderness Ranger District :
|b New Mexico : 2012
|
| 246 |
1 |
|
|i Title above legend:
|a Gila National Forest, Wilderness Ranger District
|
| 255 |
|
|
|a Scale approximately 1:23,750
|c (W 108°16ʹ20ʺ/N 33°13ʹ38ʺ).
|
| 264 |
|
1 |
|a [Albuquerque, N.M.] :
|b United States Forest Service, [Southwest Region Office],
|c [2012]
|
| 300 |
|
|
|a 1 map :
|b color ;
|c 44 x 28 cm, folded to 23 x 11 cm.
|
| 336 |
|
|
|a cartographic image
|b cri
|2 rdacontent
|
| 337 |
|
|
|a unmediated
|b n
|2 rdamedia
|
| 338 |
|
|
|a sheet
|b nb
|2 rdacarrier
|
| 500 |
|
|
|a Panel title.
|
| 500 |
|
|
|a Relief shown by contours.
|
| 500 |
|
|
|a Shipping list number: 2013-0038-P.
|
| 500 |
|
|
|a Also shows the Gila Cliff National Monument area, and the Heart Bar Wildlife Area lands.
|
| 500 |
|
|
|a Indexed for six day hikes, each with accompanying explanatory text that includes distance, elevation gain, and color illustration.
|
| 500 |
|
|
|a Includes location map, list of Gila National Forest ranger district maps, 4 elevation profiles, inset of the "Trail to the Post," table of day hikes by trail number and corresponding to the map, text, and color illustrations.
|
| 650 |
|
0 |
|a Trails
|z New Mexico
|z Gila Wilderness
|v Maps.
|
| 650 |
|
0 |
|a Trails
|z New Mexico
|z Gila National Forest
|v Maps.
|
| 650 |
|
0 |
|a Hiking
|z New Mexico
|z Gila Wilderness
|v Maps.
|
| 650 |
|
0 |
|a Hiking
|z New Mexico
|z Gila National Forest
|v Maps.
|
| 650 |
|
0 |
|a Public lands
|z New Mexico
|v Maps.
|
| 651 |
|
0 |
|a Gila Wilderness (N.M.)
|v Maps.
|
| 651 |
|
0 |
|a Gila Cliff Dwellings National Monument (N.M.)
|v Maps.
|
| 999 |
|
|
|a MARS
|
| 999 |
f |
f |
|s 3c498719-afee-3d99-92ed-b02fa3873bc9
|i dc3af9a7-d9f5-3be2-a695-d39ee65e862b
|t 0
|
| 952 |
f |
f |
|p normal
|a Texas A&M University
|b College Station
|c Sterling C. Evans Library
|d Evans: Maps File (2nd floor)
|t 0
|e A 13.28:G 37/7
|h Superintendent of Documents classification
|i unmediated -- sheet
|m A14839376702
|
| 998 |
f |
f |
|a A 13.28:G 37/7
|t 0
|l Evans: Maps File (2nd floor)
|